=LDR 00000nam 2200000 4500 =001 NUTBA000000000004386 =005 20140912085220.0 =006 =007 =008 =020 ##$$a 978-979-015-409-9 =035 ##$$a 0010-091400000000419 =040 ##$$a NBPDMAT =082 ##$$a 540.7 =084 ##$$a 540.7 Ung k =100 ##$$a Unggul Sudarmo =245 ##$$a Kimia 1 untuk SMA/MA kelas X / $c Unggul Sudarmo; editor, Supriyana =250 ##$$a Cet. 1 =260 ##$$a Jakarta : $b Phibeta, $c 2006 =300 ##$$a 186 hlm. : $b ilus. ; $c 25 cm. =500 ##$$a Bibliografi : hlm. 185 =650 ##$$a Kimia SMA-Studi dan pengajaran =700 ##$$a Supriyana =990 ##$$a 21411582